|
|
|
|
| LEADER |
01641nam a2200445Ia 4500 |
| 001 |
EBC837794 |
| 003 |
MiAaPQ |
| 005 |
20200520144314.0 |
| 006 |
m o d | |
| 007 |
cr cn||||||||| |
| 008 |
110502s2011 enk sb 001 0 eng d |
| 010 |
|
|
|z 2011015782
|
| 020 |
|
|
|z 9781845411831
|
| 020 |
|
|
|z 9781845411824
|
| 020 |
|
|
|z 9781845411848
|
| 035 |
|
|
|a (MiAaPQ)EBC837794
|
| 035 |
|
|
|a (Au-PeEL)EBL837794
|
| 035 |
|
|
|a (CaPaEBR)ebr10478181
|
| 035 |
|
|
|a (CaONFJC)MIL314750
|
| 035 |
|
|
|a (OCoLC)863821314
|
| 040 |
|
|
|a MiAaPQ
|c MiAaPQ
|d MiAaPQ
|
| 050 |
|
4 |
|a G155.G7
|b A65 2011
|
| 082 |
0 |
4 |
|a 910.941
|2 23
|
| 100 |
1 |
|
|a Andrews, Hazel.
|
| 245 |
1 |
4 |
|a The British on holiday
|h [electronic resource] :
|b charter tourism, identity and consumption /
|c Hazel Andrews.
|
| 260 |
|
|
|a Bristol ;
|a Buffalo, NY :
|b Channel View Publications,
|c c2011.
|
| 300 |
|
|
|a ix, 260 p.
|
| 490 |
1 |
|
|a Tourism and cultural change
|
| 504 |
|
|
|a Includes bibliographical references and index.
|
| 533 |
|
|
|a Electronic reproduction. Ann Arbor, MI : ProQuest, 2015. Available via World Wide Web. Access may be limited to ProQuest affiliated libraries.
|
| 650 |
|
0 |
|a Tourism
|z Great Britain.
|
| 650 |
|
0 |
|a Travelers
|z Great Britain.
|
| 650 |
|
0 |
|a British
|x Travel
|z Spain
|z Majorca.
|
| 650 |
|
0 |
|a Visitors, Foreign
|z Spain
|z Majorca.
|
| 650 |
|
0 |
|a Resorts
|x Social aspects
|z Spain
|z Majorca.
|
| 651 |
|
0 |
|a Majorca (Spain)
|x Description and travel.
|
| 655 |
|
4 |
|a Electronic books.
|
| 710 |
2 |
|
|a ProQuest (Firm)
|
| 830 |
|
0 |
|a Tourism and cultural change.
|
| 856 |
4 |
0 |
|u https://ebookcentral.proquest.com/lib/matrademy/detail.action?docID=837794
|z Click to View
|